| 000 | 01447nam0a2200337 4500 | ||
|---|---|---|---|
| 001 | RU\NLR\BIBL_A\022678412 | ||
| 005 | 20260205135651.0 | ||
| 010 | _a978-5-905792-57-1 | ||
| 021 |
_aRU _bАЛ-П-25-00928и _9АЛ-П-25-0186 |
||
| 035 | _a(NLR Aleph) 022678412 | ||
| 090 |
_a13547591 _c13547591 |
||
| 100 | _a20251203d2025 u y0rusy50 ca | ||
| 101 | 1 |
_arus _cund |
|
| 102 | _aRU | ||
| 105 | _aac z 000yb | ||
| 181 | 0 |
_ab3 _bxb2e |
|
| 181 | 0 |
_ai1 _baxxe |
|
| 182 | 0 | _an | |
| 200 | 1 |
_aДалай-лама _eфотографии Мануэля Бауэра, 1990–2024 _e[фотоальбом] _fтекст: Туптен Джинпа _gподписи к фотографиям: Кристиан Шмидт _g[идея: Мануэль Бауэр _gпереводчик: Наталья Иноземцева] |
|
| 203 |
_aИзображение _aТекст _bвизуальные _cнепосредственные |
||
| 210 |
_a[Москва] _cФонд "Наланда" _d2025 |
||
| 215 |
_a375 с. _cил., цв. ил., портр. _d27 |
||
| 600 | 0 |
_aДалай-лама ХIV _f1935 _jФотоальбомы _9895913 _3RU\NLR\AUTH\66324908 |
|
| 686 | 2 | _aЭ355-363-028.2я61 | |
| 700 | 1 |
_aБауэр _bМ. _gМануэль |
|
| 702 | 0 |
_4280 _7ca _8rus _aДалай-лама _dXIV _f1935- _9119571 _3RU\NLR\AUTH\779761 |
|
| 942 | _cBOOK | ||
| 980 | _aNB | ||